Directorio industrial de Chile 2004

Uloženo v:
Podrobná bibliografie
Korporativní autor: SOFOFA (Autor)
Médium: Kniha
Jazyk:španělština
angličtina
Vydáno: Santiago ITV 2004
Témata:
Tagy: Přidat tag
Žádné tagy, Buďte první, kdo vytvoří štítek k tomuto záznamu!

MARC

LEADER 00000nam a2200000 a 4500
001 UCL9057
003 CL-VaPUC
008 040716e20040000CL |||||||||||||||||spa|d
041 0 7 |a spa  |2 CL-VaPUC 
041 0 7 |a eng  |2 CL-VaPUC 
082 0 4 |a 338.002583  |b SOF  |2 21 
110 2 |a SOFOFA  |e author  |9 486958 
245 1 0 |a Directorio industrial de Chile 2004 
300 |a 543 p 
942 |c BK 
945 |d 20040716 00:00:00  |a cmena 
260 |a Santiago  |b ITV  |c 2004 
650 0 |a Industrias   |9 263688 
650 7 |a DIRECTORIOS  |2 CL-VaPUC  |9 257460 
651 7 |a CHILE  |2 CL-VaPUC  |9 486959 
583 |a last modification  |c 20040716 00:00:00  |k Rodrigo Vera 
999 |c 310053  |d 310051